000 004400000a22001690004500
003 LK-CoMWRAF
008 230817t ||||| |||| 00| 0 eng d
020 _a95591500605
040 _aLK-CoMWRAF
_dLK-CoMWRAF
_eLK-CoMWRAF
041 _aeng
082 _a301
_bMUT
245 _aSocialist Women of Sri Lanka
_b
260 _bYoung Socialist Publication
_aSri Lanka
_c2006
300 _ap.220
700 _aMuthiah,, Wesley
_eed.
942 _cBK
999 _c1156
_d1156